[Event "4NCL Online Division 3"]
[Site "online"]
[Date "2021.04.06"]
[EventDate "2021.04.06"]
[Round "6.93"]
[White "Williamson, Kevin J"]
[WhiteElo "1973"]
[WhiteTeam "MK Phoenix 2"]
[Black "Zhu, Hou Ning"]
[BlackElo "1830"]
[BlackTeam "MCS Oxford A"]
[Result "1/2-1/2"]
[PlyCount "41"]

1. d4 Nf6 2. Nc3 d5 3. Bg5 e6 4. Nf3 Be7 5. Bxf6 Bxf6 6. e4 c6 7. Bd3 Nd7 8. Qe2 O-O 9. O-O b5 10. a3 Bb7 11. e5 Be7 12. Nd1 a6 13. Ne3 c5 14. c3 c4 15. Bb1 Re8 16. Qc2 Nf8 17. Ne1 a5 18. f4 b4 19. axb4 axb4 20. Rxa8 Bxa8 21. f5 1/2-1/2

[Event "4NCL Online Division 3"]
[Site "online"]
[Date "2021.04.06"]
[EventDate "2021.04.06"]
[Round "6.94"]
[White "Khan, Samir"]
[WhiteElo "1664"]
[WhiteTeam "MCS Oxford A"]
[Black "Elwin, Adrian G"]
[BlackElo "1956"]
[BlackTeam "MK Phoenix 2"]
[Result "1/2-1/2"]
[PlyCount "115"]

1. e4 c6 2. d3 d5 3. Nd2 e5 4. Ngf3 Bd6 5. a3 Nf6 6. d4 Qe7 7. dxe5 Bxe5 8. Nxe5 Qxe5 9. Bd3 dxe4 10. Qe2 O-O 11. f3 Re8 12. Nxe4 Nxe4 13. fxe4 Nd7 14. O-O Nf6 15. Qf3 Bg4 16. Qf4 Qxf4 17. Rxf4 Bh5 18. Bd2 Bg6 19. Re1 Nd7 20. Bc4 b5 21. Ba2 Nc5 22. e5 Ne6 23. Bxe6 Rxe6 24. c4 Rae8 25. Bc3 f6 26. cxb5 cxb5 27. Rd4 fxe5 28. Rd5 e4 29. Rxb5 e3 30. Rb7 R6e7 31. Rxe7 Rxe7 32. Bd4 e2 33. Kf2 Bd3 34. Bc5 Rc7 35. Bd4 a5 36. Bb6 Rb7 37. Bxa5 Rxb2 38. Bb4 Ba6 39. Rc1 e1=Q+ 40. Kxe1 Re2+ 41. Kd1 Rxg2 42. Rc2 Rxc2 43. Kxc2 Kf7 44. a4 g5 45. Kc3 Ke6 46. Kd4 h5 47. Kc5 Kf5 48. Kb6 Bf1 49. a5 Ke6 50. a6 Bg2 51. Kc7 g4 52. Be1 Kf5 53. Kb8 Kg5 54. a7 h4 55. a8=Q Bxa8 56. Kxa8 g3 57. Bxg3 hxg3 58. hxg3 1/2-1/2

[Event "4NCL Online Division 3"]
[Site "online"]
[Date "2021.04.06"]
[EventDate "2021.04.06"]
[Round "6.101"]
[White "De Jonge, Henk"]
[WhiteElo "1943"]
[WhiteTeam "Cork"]
[Black "O'Neil, Jim"]
[BlackElo "1893"]
[BlackTeam "Alba Bon Accord 2"]
[Result "1/2-1/2"]
[PlyCount "47"]

1. d4 e6 2. c4 f5 3. Nc3 Nf6 4. Bg5 Be7 5. Bxf6 Bxf6 6. e4 fxe4 7. Nxe4 O-O 8. Nf3 Be7 9. Bd3 b6 10. O-O Bb7 11. Re1 Nc6 12. a3 Rxf3 13. Qxf3 Nxd4 14. Qh5 Nf5 15. Rad1 g6 16. Qh3 Qf8 17. Bc2 Rd8 18. Rd2 Nd6 19. Nxd6 Bxd6 20. Be4 Qf4 21. Rde2 Ba6 22. Bd3 Rf8 23. Rc2 Bb7 24. b4 1/2-1/2

[Event "4NCL Online Division 3"]
[Site "online"]
[Date "2021.04.06"]
[EventDate "2021.04.06"]
[Round "6.102"]
[White "Gordon, Frederick"]
[WhiteElo "1667"]
[WhiteTeam "Alba Bon Accord 2"]
[Black "O'Connell, Denis"]
[BlackElo "1736"]
[BlackTeam "Cork"]
[Result "1-0"]
[PlyCount "67"]

1. e4 d5 2. exd5 Nf6 3. Nf3 Bg4 4. Bb5+ Nbd7 5. Nc3 a6 6. Be2 Nb6 7. O-O Nbxd5 8. Nxd5 Qxd5 9. c4 Qd7 10. Ne5 Bxe2 11. Nxd7 Bxd1 12. Nxf6+ exf6 13. Rxd1 O-O-O 14. d4 Kb8 15. Be3 h5 16. d5 g6 17. c5 Rg8 18. Rac1 g5 19. b4 f5 20. f4 g4 21. g3 h4 22. a4 h3 23. b5 axb5 24. axb5 Bg7 25. Rc2 Rge8 26. Kf2 Re4 27. d6 cxd6 28. cxd6 Re6 29. d7 Re7 30. Rc8+ Rxc8 31. Ba7+ Kc7 32. Bb6+ Kb8 33. dxc8=Q+ Kxc8 34. Rd8# 1-0

[Event "4NCL Online Division 3"]
[Site "online"]
[Date "2021.04.06"]
[EventDate "2021.04.06"]
[Round "6.103"]
[White "Bradley, Michael"]
[WhiteElo "1423"]
[WhiteTeam "Cork"]
[Black "Brennan, J Ross"]
[BlackElo "1634"]
[BlackTeam "Alba Bon Accord 2"]
[Result "0-1"]
[PlyCount "87"]

1. e4 e5 2. Nf3 Nc6 3. d4 exd4 4. Nxd4 Bc5 5. Nb3 Bb6 6. Nc3 Qf6 7. Qe2 Nge7 8. Be3 Bxe3 9. Qxe3 a6 10. O-O-O d6 11. Kb1 Bd7 12. h4 O-O 13. Be2 b5 14. g4 b4 15. g5 Qe6 16. Nd5 Nxd5 17. Rxd5 Rfe8 18. Qg3 Qe7 19. f3 a5 20. g6 fxg6 21. h5 Be6 22. Rg5 Reb8 23. hxg6 h6 24. Rb5 a4 25. Rxb8+ Rxb8 26. Nc1 Nd4 27. Bd3 Qf6 28. f4 Bd7 29. e5 dxe5 30. fxe5 Qc6 31. Rh2 b3 32. a3 bxc2+ 33. Bxc2 Nxc2 34. Rxc2 Qb6 35. Qc3 Bf5 36. Nd3 Qg1+ 37. Rc1 Qxg6 38. Rd1 Rd8 39. Qc4+ Kh7 40. Qxc7 Rxd3 41. Rxd3 Bxd3+ 42. Kc1 Qg5+ 43. Kd1 Qe3 44. Qc5 0-1

[Event "4NCL Online Division 3"]
[Site "online"]
[Date "2021.04.06"]
[EventDate "2021.04.06"]
[Round "6.104"]
[White "McLeod, Alisdair"]
[WhiteElo "1531"]
[WhiteTeam "Alba Bon Accord 2"]
[Black "Ranade, Akshay"]
[BlackElo "1215"]
[BlackTeam "Cork"]
[Result "0-1"]
[PlyCount "64"]

1. e4 c6 2. d4 d5 3. f3 dxe4 4. fxe4 e6 5. Nf3 c5 6. c3 Nc6 7. Bb5 cxd4 8. cxd4 Qa5+ 9. Nc3 Bb4 10. Bxc6+ bxc6 11. Bd2 Ba6 12. Ne5 Ne7 13. Qg4 O-O 14. Nd7 Rfd8 15. Nf6+ Kh8 16. Qh4 gxf6 17. Qxf6+ Kg8 18. O-O-O Ng6 19. h4 Be7 20. Qf3 Bxh4 21. Nd5 Qxa2 22. Nf6+ Bxf6 23. Qxf6 Qa1+ 24. Kc2 Qa4+ 25. b3 Qxd4 26. Qxd4 Rxd4 27. Rh3 Rad8 28. g4 Be2 29. Rdh1 Rxd2+ 30. Kc1 Rd1+ 31. Kc2 Rxh1 32. Rxh1 Bxg4 0-1

[Event "4NCL Online Division 3"]
[Site "online"]
[Date "2021.04.06"]
[EventDate "2021.04.06"]
[Round "6.111"]
[White "Robbings, Andrew MJ"]
[WhiteElo "1970"]
[WhiteTeam "Wantage A"]
[Black "Banerjee, Sanjoy K"]
[BlackElo "1701"]
[BlackTeam "Atticus B"]
[Result "1-0"]
[PlyCount "89"]

1. e4 c5 2. Nf3 d6 3. d4 cxd4 4. Nxd4 Nf6 5. Bb5+ Nbd7 6. O-O a6 7. Bd3 g6 8. c3 Bg7 9. Bg5 O-O 10. Qd2 Ne5 11. Bxf6 Bxf6 12. Na3 Nxd3 13. Qxd3 b5 14. Nac2 Bb7 15. Ne3 Rc8 16. Rad1 Bg7 17. Nf3 b4 18. cxb4 Bxb2 19. Qb1 Bf6 20. Nd5 Bg7 21. Rc1 e6 22. Rxc8 Bxc8 23. Ne3 d5 24. exd5 exd5 25. Rd1 Be6 26. Qd3 Qb6 27. a3 Rd8 28. Nd4 Qxd4 29. Qxd4 Bxd4 30. Rxd4 Rc8 31. h3 Rc1+ 32. Kh2 Rc3 33. a4 Rb3 34. a5 h5 35. Nxd5 Bxd5 36. Rxd5 Rxb4 37. Rd6 Rb7 38. Rxa6 Kf8 39. Kg3 Ke7 40. Rb6 Rxb6 41. axb6 Kd6 42. Kf4 f6 43. Ke4 Kc6 44. b7 Kxb7 45. Kd5 1-0

[Event "4NCL Online Division 3"]
[Site "online"]
[Date "2021.04.06"]
[EventDate "2021.04.06"]
[Round "6.112"]
[White "Wadsworth, Mark S"]
[WhiteElo "1666"]
[WhiteTeam "Atticus B"]
[Black "Morris, Stephen A"]
[BlackElo "1840"]
[BlackTeam "Wantage A"]
[Result "1-0"]
[PlyCount "91"]

1. d4 Nf6 2. c4 e6 3. g3 d5 4. Bg2 Be7 5. Nc3 O-O 6. Nf3 c6 7. cxd5 exd5 8. O-O Bg4 9. Ne5 Bh5 10. Qb3 b6 11. Be3 Nfd7 12. Nf3 Bd6 13. Nxd5 Nf6 14. Nf4 Bg4 15. Rac1 Bxf4 16. Bxf4 Be6 17. Qa3 Bd5 18. Rfd1 Ne4 19. Nd2 Nxd2 20. Bxd5 Qxd5 21. Rxd2 Nd7 22. Qb3 Qe4 23. f3 Qg6 24. Qc2 Qe6 25. b4 h6 26. Qb3 Qd5 27. e4 Qxb3 28. axb3 g5 29. Bd6 Rfe8 30. Rdc2 g4 31. Kf2 gxf3 32. Kxf3 c5 33. bxc5 bxc5 34. dxc5 f5 35. Re2 fxe4+ 36. Rxe4 Rxe4 37. Kxe4 Re8+ 38. Kf5 Re2 39. c6 Nb6 40. c7 Nc8 41. Bf4 Kf7 42. Rd1 Ne7+ 43. Kg4 Rc2 44. Rc1 Rxh2 45. c8=Q h5+ 46. Kf3 1-0

[Event "4NCL Online Division 3"]
[Site "online"]
[Date "2021.04.06"]
[EventDate "2021.04.06"]
[Round "6.113"]
[White "Litwiniec, Miroslawa"]
[WhiteElo "1826"]
[WhiteTeam "Wantage A"]
[Black "Wiseman, Jim K"]
[BlackElo "1618"]
[BlackTeam "Atticus B"]
[Result "1-0"]
[PlyCount "71"]

1. e4 c5 2. Nf3 e6 3. d4 cxd4 4. Nxd4 Nf6 5. Nc3 Bb4 6. f3 a6 7. Be2 d6 8. Nb3 O-O 9. O-O b5 10. Bg5 Nbd7 11. Qe1 Qc7 12. Rd1 Bb7 13. Kh1 Rfc8 14. Bd2 Ne8 15. Qh4 Ne5 16. a3 Ng6 17. Qg3 Bxc3 18. Bxc3 f6 19. Nd4 e5 20. Nf5 Nf4 21. Rf2 d5 22. exd5 Bxd5 23. Bf1 Bf7 24. Bb4 Bg6 25. Ne7+ Kh8 26. Nxc8 Rxc8 27. Bc3 Nd6 28. Rfd2 Nf5 29. Qf2 h6 30. Rd7 Qc6 31. Qa7 Nh4 32. Rxg7 Nh3 33. Rdd7 Ng5 34. Bd3 Ra8 35. Qe3 Bxd3 36. Qxd3 1-0

[Event "4NCL Online Division 3"]
[Site "online"]
[Date "2021.04.06"]
[EventDate "2021.04.06"]
[Round "6.114"]
[White "Webb, Tom EC"]
[WhiteElo "1380"]
[WhiteTeam "Atticus B"]
[Black "Hemmings, Peter J"]
[BlackElo "1626"]
[BlackTeam "Wantage A"]
[Result "1-0"]
[PlyCount "83"]

1. d4 d5 2. Bf4 e6 3. e3 Nf6 4. Nd2 Bd6 5. Bg3 O-O 6. Ngf3 c6 7. c3 Re8 8. Ne5 c5 9. Bd3 c4 10. Bc2 Be7 11. Ndf3 h6 12. Nd2 Bd7 13. O-O Nc6 14. f4 Rf8 15. Qf3 Be8 16. e4 Nxe4 17. Nxe4 f5 18. Nd2 Nxe5 19. fxe5 Bg6 20. Bf4 Qe8 21. Qg3 Kh7 22. Nf3 Bh5 23. h3 Rg8 24. Qf2 g5 25. Bd2 g4 26. hxg4 Bxg4 27. Nh2 Bh5 28. Bd1 Rg7 29. Bxh5 Qxh5 30. Qf3 Qg6 31. Rae1 Rag8 32. Re2 Qf7 33. Qh3 Bg5 34. Bxg5 Rxg5 35. Qf3 Rg3 36. Qf2 Qh5 37. Re3 f4 38. Rxg3 fxg3 39. Qf7+ Qxf7 40. Rxf7+ Kg6 41. Rf6+ Kg5 42. Nf3+ 1-0

[Event "4NCL Online Division 3"]
[Site "online"]
[Date "2021.04.06"]
[EventDate "2021.04.06"]
[Round "6.121"]
[White "Chaplin, Peter E"]
[WhiteElo "2041"]
[WhiteTeam "Clevedon"]
[Black "Borman, Philip"]
[BlackElo "2250"]
[BlackTeam "Hertford 1"]
[Result "0-1"]
[PlyCount "88"]

1. b3 d5 2. Nf3 Nf6 3. Bb2 Bf5 4. d3 e6 5. Nbd2 h6 6. c4 c6 7. g3 Be7 8. Bg2 O-O 9. O-O Nbd7 10. a3 a5 11. Bc3 Bh7 12. b4 axb4 13. axb4 Qc7 14. Qb3 Rfc8 15. Rxa8 Rxa8 16. Qb2 Qd8 17. cxd5 cxd5 18. Ra1 Rc8 19. Bd4 Qc7 20. Ne5 Nxe5 21. Bxe5 Qb6 22. Rb1 Bg6 23. Nf3 Qc6 24. h3 Qc2 25. Qxc2 Rxc2 26. Nd4 Rc8 27. g4 Nd7 28. Bg3 Bf6 29. Nb5 Rc2 30. Kf1 Ne5 31. Bxe5 Bxe5 32. Ke1 f6 33. Kd1 Ra2 34. Rc1 Be8 35. Rc8 Kf7 36. Nc3 Rb2 37. Nxd5 Ba4+ 38. Ke1 exd5 39. Bxd5+ Kg6 40. Bxb7 Rxb4 41. Be4+ Kg5 42. Rg8 Kh4 43. Bg2 Bc3+ 44. Kf1 Rb1# 0-1

[Event "4NCL Online Division 3"]
[Site "online"]
[Date "2021.04.06"]
[EventDate "2021.04.06"]
[Round "6.122"]
[White "Cheal, Barry A"]
[WhiteElo "2162"]
[WhiteTeam "Hertford 1"]
[Black "Peters, David"]
[BlackElo "1813"]
[BlackTeam "Clevedon"]
[Result "1/2-1/2"]
[PlyCount "89"]

1. b3 Nf6 2. Bb2 g6 3. e3 Bg7 4. Nf3 d5 5. Be2 O-O 6. O-O Nbd7 7. d4 c6 8. Nbd2 e6 9. c4 Ne4 10. Nxe4 dxe4 11. Nd2 f5 12. Qc2 Nf6 13. g3 Bd7 14. Rad1 Qc7 15. b4 h5 16. f4 exf3 17. Nxf3 Ng4 18. Qb3 Bh6 19. Rd3 Rad8 20. Kg2 Bg7 21. Rfd1 Be8 22. Ng5 Bf7 23. Bxg4 hxg4 24. Bc1 Bf6 25. Nxf7 Rxf7 26. a4 Rfd7 27. Bb2 e5 28. dxe5 Rxd3 29. Rxd3 Rxd3 30. Qxd3 Bxe5 31. Bxe5 Qxe5 32. Qd4 Qe6 33. Kf1 Kf7 34. Ke2 Qe4 35. Qxe4 fxe4 36. Kd2 Ke6 37. Kc3 Ke5 38. c5 Kd5 39. Kb3 a5 40. Kc3 axb4+ 41. Kxb4 g5 42. a5 Ke6 43. Kc4 Ke5 44. Kc3 Kd5 45. Kb4 1/2-1/2

[Event "4NCL Online Division 3"]
[Site "online"]
[Date "2021.04.06"]
[EventDate "2021.04.06"]
[Round "6.123"]
[White "Lintern, Jack"]
[WhiteElo "1812"]
[WhiteTeam "Clevedon"]
[Black "Byway, Paul V"]
[BlackTitle "FM"]
[BlackElo "2017"]
[BlackTeam "Hertford 1"]
[Result "1-0"]
[PlyCount "121"]

1. d4 Nf6 2. c4 e6 3. g3 d5 4. Bg2 dxc4 5. Nf3 Bb4+ 6. Nbd2 O-O 7. O-O b5 8. a4 c6 9. e4 c3 10. Nb3 Ba6 11. a5 Nxe4 12. Qc2 cxb2 13. Bxb2 Nf6 14. Ng5 g6 15. Bxc6 Nxc6 16. Qxc6 Qd5 17. Qxd5 exd5 18. Nc5 Bc8 19. a6 Bf5 20. f3 h6 21. g4 Bc8 22. Nh3 h5 23. Rf2 hxg4 24. fxg4 Nxg4 25. Rf3 Ne5 26. Rb3 Bxh3 27. Rxb4 Nc4 28. Rxb5 Rfe8 29. Rb3 Bf5 30. Kf2 Re7 31. Re1 Rae8 32. Rxe7 Rxe7 33. Rb7 Re8 34. Bc1 Ra8 35. Nd7 Nd6 36. Rb8+ Rxb8 37. Nxb8 Bd3 38. Ba3 Ne4+ 39. Ke3 Bb5 40. Bc5 Nxc5 41. dxc5 Kf8 42. Kd4 Ke7 43. Kxd5 f5 44. Nc6+ Bxc6+ 45. Kxc6 f4 46. Kb7 f3 47. c6 f2 48. c7 f1=Q 49. c8=Q Qf2 50. Qc7+ Ke6 51. Ka8 g5 52. Qxa7 Qxh2 53. Qb8 Qg2+ 54. Qb7 Qf2 55. Kb8 Qf4+ 56. Qc7 Qb4+ 57. Kc8 Qf8+ 58. Kb7 g4 59. a7 g3 60. a8=Q Qf3+ 61. Qc6+ 1-0

[Event "4NCL Online Division 3"]
[Site "online"]
[Date "2021.04.06"]
[EventDate "2021.04.06"]
[Round "6.124"]
[White "Capes, Ian"]
[WhiteElo "1915"]
[WhiteTeam "Hertford 1"]
[Black "Chindelevitch, Leonid"]
[BlackElo "1728"]
[BlackTeam "Clevedon"]
[Result "1-0"]
[PlyCount "119"]

1. d4 d5 2. Bf4 Bf5 3. e3 Nf6 4. c3 e6 5. Nf3 c5 6. Bd3 Ne4 7. O-O Nc6 8. Qe2 Be7 9. Nbd2 g5 10. Bg3 h5 11. h3 c4 12. Bxe4 dxe4 13. Ne5 Nxe5 14. Bxe5 f6 15. Bg3 g4 16. h4 b5 17. a4 a6 18. axb5 axb5 19. b3 Rc8 20. bxc4 bxc4 21. Ra4 e5 22. Rxc4 Be6 23. Rxc8 Qxc8 24. c4 exd4 25. exd4 f5 26. d5 Bd7 27. Be5 O-O 28. g3 f4 29. Qxe4 Bf5 30. Qxf4 Rf7 31. Qe3 Qa6 32. Bd4 Qg6 33. c5 Bd3 34. Re1 Bf8 35. Qg5 Qxg5 36. hxg5 Rf5 37. d6 Rd5 38. Be3 Bb5 39. Ne4 Bg7 40. Rb1 Bd3 41. Rb8+ Kf7 42. Rb7+ Kg6 43. Re7 Bb5 44. Rb7 Rd1+ 45. Kh2 Bc6 46. Rxg7+ Kxg7 47. f3 gxf3 48. Nf2 Re1 49. Bd4+ Kf7 50. g4 hxg4 51. Kg3 Bd7 52. Nxg4 Rg1+ 53. Bxg1 Ke6 54. Kxf3 Kf5 55. Be3 Ke6 56. g6 Bc6+ 57. Kf4 Be8 58. g7 Kf7 59. Bd4 Bc6 60. Nh6+ 1-0

[Event "4NCL Online Division 3"]
[Site "online"]
[Date "2021.04.06"]
[EventDate "2021.04.06"]
[Round "6.131"]
[White "Putar, Lara"]
[WhiteElo "1899"]
[WhiteTeam "St Benildus B"]
[Black "Hann, R Mark"]
[BlackElo "2026"]
[BlackTeam "Bolton and Worsley 1"]
[Result "0-1"]
[PlyCount "50"]

1. d4 e6 2. c4 b6 3. Nf3 Bb7 4. g3 Bb4+ 5. Bd2 Bxf3 6. exf3 Bxd2+ 7. Qxd2 d5 8. b3 Ne7 9. Bg2 Nbc6 10. Nc3 dxc4 11. f4 cxb3 12. axb3 Nxd4 13. Qa2 O-O 14. Bxa8 Qxa8 15. O-O-O c5 16. Ne2 Nec6 17. g4 Nb4 18. Qb2 Qe4 19. Nxd4 cxd4 20. Qb1 Rc8+ 21. Kb2 Qe2+ 22. Ka3 Qa6+ 23. Kb2 Rc2+ 24. Qxc2 Qa2+ 25. Kc1 Qxc2# 0-1

[Event "4NCL Online Division 3"]
[Site "online"]
[Date "2021.04.06"]
[EventDate "2021.04.06"]
[Round "6.132"]
[White "Clucas, Reg P"]
[WhiteElo "1929"]
[WhiteTeam "Bolton and Worsley 1"]
[Black "Murray, Benjamin"]
[BlackElo "1910"]
[BlackTeam "St Benildus B"]
[Result "0-1"]
[PlyCount "110"]

1. e4 e6 2. d4 d5 3. Nd2 c5 4. exd5 exd5 5. Ngf3 Nf6 6. dxc5 Bxc5 7. Bd3 O-O 8. O-O h6 9. Nb3 Bd6 10. Nbd4 Nc6 11. Nf5 Bxf5 12. Bxf5 Bc7 13. c3 Re8 14. Be3 Qd6 15. g3 Qf8 16. Qd3 a6 17. Rfe1 Rad8 18. Bd4 Nxd4 19. Nxd4 Qd6 20. Re2 Rxe2 21. Nxe2 Re8 22. Nf4 Qb6 23. Nxd5 Nxd5 24. Qxd5 Qxb2 25. Rf1 Qxc3 26. Qxb7 Qe5 27. Bg4 a5 28. Rc1 Bd6 29. Rc8 Rxc8 30. Qxc8+ Bf8 31. Qa8 Qa1+ 32. Kg2 Qxa2 33. Bd7 Qd2 34. Qa7 g6 35. Be8 Qd5+ 36. Kg1 Kg7 37. Qa6 Bc5 38. Qe2 Qd4 39. Bb5 Bb6 40. Bc4 a4 41. Qa2 a3 42. Bb3 Bc5 43. Kf1 Qf6 44. Bc4 g5 45. Bb3 h5 46. Bd5 h4 47. Kg2 Qf5 48. h3 Bxf2 49. g4 Qe5 50. Bxf7 Qg3+ 51. Kf1 Qxh3+ 52. Kxf2 Qg3+ 53. Ke2 Qxg4+ 54. Ke1 Qe4+ 55. Kd1 Qf3+ 0-1

[Event "4NCL Online Division 3"]
[Site "online"]
[Date "2021.04.06"]
[EventDate "2021.04.06"]
[Round "6.133"]
[White "Healy, John"]
[WhiteElo "1885"]
[WhiteTeam "St Benildus B"]
[Black "McElvenny, Damien"]
[BlackElo "1892"]
[BlackTeam "Bolton and Worsley 1"]
[Result "0-1"]
[PlyCount "40"]

1. e4 c5 2. c3 d6 3. d4 cxd4 4. cxd4 Nf6 5. Nc3 a6 6. Bd3 g6 7. Nf3 Bg7 8. h3 O-O 9. Bg5 Nc6 10. Qd2 e5 11. Nd5 exd4 12. O-O Be6 13. Qf4 Bxd5 14. exd5 Nxd5 15. Qh4 Qd7 16. Bh6 Ne5 17. Ng5 Nxd3 18. Bxg7 Kxg7 19. Qxd4+ f6 20. Qxd3 Nf4 0-1

[Event "4NCL Online Division 3"]
[Site "online"]
[Date "2021.04.06"]
[EventDate "2021.04.06"]
[Round "6.134"]
[White "Hodgson, Christopher"]
[WhiteElo "1750"]
[WhiteTeam "Bolton and Worsley 1"]
[Black "Boland, Dylan"]
[BlackElo "1863"]
[BlackTeam "St Benildus B"]
[Result "1/2-1/2"]
[PlyCount "55"]

1. e4 e5 2. Nc3 Nf6 3. d3 d5 4. Bg5 d4 5. Nd5 c6 6. Nxf6+ gxf6 7. Bd2 Qb6 8. b3 f5 9. Qh5 Bb4 10. O-O-O Bxd2+ 11. Rxd2 Qa5 12. Nf3 Qxa2 13. Kd1 Qa5 14. Ng5 Qc7 15. g3 Qe7 16. Bh3 Nd7 17. exf5 Nf6 18. Qh6 Bd7 19. Re1 O-O-O 20. f4 Nd5 21. Rxe5 Nc3+ 22. Ke1 Qa3 23. Kf2 Qc1 24. Nf3 Nd1+ 25. Ke2 Nc3+ 26. Kf2 Nd1+ 27. Ke2 Nc3+ 28. Kf2 1/2-1/2

[Event "4NCL Online Division 3"]
[Site "online"]
[Date "2021.04.06"]
[EventDate "2021.04.06"]
[Round "6.141"]
[White "John, Maxamillian"]
[WhiteElo "1923"]
[WhiteTeam "Catford Cosmonauts 3"]
[Black "Lockett, Karl"]
[BlackElo "1855"]
[BlackTeam "Crewe AOL"]
[Result "1/2-1/2"]
[PlyCount "104"]

1. d4 e6 2. Nf3 b6 3. e3 Bb7 4. Bd3 Nf6 5. O-O c5 6. Re1 cxd4 7. exd4 Be7 8. Bf4 O-O 9. Nc3 a6 10. a3 b5 11. Ng5 h6 12. Nge4 d6 13. Nxf6+ Bxf6 14. Ne4 Bxe4 15. Bxe4 d5 16. Bf3 Nc6 17. Be3 Ne7 18. c3 Nf5 19. Bf4 Rc8 20. Qd2 Bg5 21. Bxg5 Qxg5 22. Qxg5 hxg5 23. Re5 g6 24. g4 Nd6 25. Rxg5 Kg7 26. Re5 Rh8 27. Bg2 Rh4 28. h3 Rch8 29. f4 Ne4 30. f5 Ng5 31. fxe6 Nxh3+ 32. Bxh3 Rxh3 33. e7 Re8 34. Kg2 Rd3 35. Rb1 f6 36. Re2 Kf7 37. Rbe1 a5 38. Kf2 b4 39. axb4 axb4 40. Re3 Rd2+ 41. R1e2 Rxe2+ 42. Kxe2 bxc3 43. bxc3 Rxe7 44. Rxe7+ Kxe7 45. Kd3 Kd6 46. c4 dxc4+ 47. Kxc4 f5 48. gxf5 gxf5 49. d5 f4 50. Kd4 f3 51. Ke3 f2 52. Kxf2 Kxd5 1/2-1/2

[Event "4NCL Online Division 3"]
[Site "online"]
[Date "2021.04.06"]
[EventDate "2021.04.06"]
[Round "6.142"]
[White "Holcman, Lukasz"]
[WhiteElo "1705"]
[WhiteTeam "Crewe AOL"]
[Black "Alvares, Owen"]
[BlackElo "1809"]
[BlackTeam "Catford Cosmonauts 3"]
[Result "1/2-1/2"]
[PlyCount "52"]

1. d4 d5 2. Bf4 e6 3. e3 a6 4. c3 Nf6 5. Nf3 h6 6. Bd3 Nc6 7. Nbd2 Ne7 8. O-O Ng6 9. Bg3 Bd7 10. e4 dxe4 11. Nxe4 Nxe4 12. Bxe4 Bd6 13. Bxg6 fxg6 14. Ne5 Bxe5 15. Bxe5 O-O 16. Qg4 Kh7 17. h4 Rf5 18. f4 Bc6 19. Qh3 h5 20. Rac1 b5 21. c4 bxc4 22. b3 Rc8 23. bxc4 Qe7 24. Rfd1 Ba4 25. Rd2 Qb4 26. Qd3 Qe7 1/2-1/2

[Event "4NCL Online Division 3"]
[Site "online"]
[Date "2021.04.06"]
[EventDate "2021.04.06"]
[Round "6.143"]
[White "Sedykh, Stakhey"]
[WhiteElo "1704"]
[WhiteTeam "Catford Cosmonauts 3"]
[Black "Renegade, Richard"]
[BlackElo "1752"]
[BlackTeam "Crewe AOL"]
[Result "1/2-1/2"]
[PlyCount "51"]

1. e4 Nc6 2. d4 e5 3. d5 Nce7 4. f4 exf4 5. Bxf4 Ng6 6. Bg3 Nh6 7. Nf3 Bb4+ 8. c3 Bc5 9. Nbd2 a5 10. Nb3 Bb6 11. Bd3 d6 12. Nbd4 O-O 13. O-O Ng4 14. Qd2 N4e5 15. Kh1 Nxd3 16. Qxd3 Qe7 17. Rae1 f6 18. h3 Ne5 19. Nxe5 fxe5 20. Rxf8+ Qxf8 21. Rf1 Qe7 22. Nf5 Qe8 23. Bh4 Bxf5 24. Rxf5 Qa4 25. a3 Qb3 26. Qe2 1/2-1/2

[Event "4NCL Online Division 3"]
[Site "online"]
[Date "2021.04.06"]
[EventDate "2021.04.06"]
[Round "6.144"]
[White "Layhe, Neville"]
[WhiteElo "1628"]
[WhiteTeam "Crewe AOL"]
[Black "Oyvat, Cem"]
[BlackElo "1732"]
[BlackTeam "Catford Cosmonauts 3"]
[Result "1/2-1/2"]
[PlyCount "92"]

1. d4 d5 2. e3 Nf6 3. Bd3 c6 4. Nd2 Bg4 5. f3 Bh5 6. Ne2 Nbd7 7. Ng3 Bg6 8. f4 Bxd3 9. cxd3 Qb6 10. b3 e6 11. O-O c5 12. Bb2 cxd4 13. Bxd4 Bc5 14. Bxc5 Nxc5 15. d4 Ncd7 16. Nf3 O-O 17. Ne5 g6 18. Rc1 Rac8 19. Qd2 Qa6 20. Rc2 b5 21. Rfc1 Nxe5 22. fxe5 Nd7 23. h4 h5 24. e4 Nb6 25. Nxh5 Rxc2 26. Nf6+ Kg7 27. Rxc2 Rc8 28. h5 Rh8 29. g4 dxe4 30. Rc7 Nd5 31. h6+ Kf8 32. Nxd5 exd5 33. Qb4+ Kg8 34. Qe7 Qe6 35. Qxe6 fxe6 36. Rg7+ Kf8 37. Rxg6 Rg8 38. Rxg8+ Kxg8 39. g5 Kh7 40. Kf2 a5 41. a3 a4 42. b4 Kg6 43. Ke3 Kh7 44. Kf4 Kg6 45. Kg4 Kh7 46. Kf4 Kg6 1/2-1/2

[Event "4NCL Online Division 3"]
[Site "online"]
[Date "2021.04.06"]
[EventDate "2021.04.06"]
[Round "6.151"]
[White "Ye, Kevin"]
[WhiteElo "1968"]
[WhiteTeam "Manchester Juniors A"]
[Black "Pentakota, Rajasekhar"]
[BlackElo "1936"]
[BlackTeam "Wessex Some Stars C"]
[Result "1-0"]
[PlyCount "109"]

1. e4 d6 2. d4 Nf6 3. Bd3 g6 4. Nf3 Bg7 5. O-O O-O 6. Re1 Nc6 7. h3 e5 8. c3 a6 9. Bg5 h6 10. Bh4 b6 11. a4 Bb7 12. d5 Ne7 13. Nbd2 g5 14. Bg3 Ng6 15. Nc4 Nf4 16. Ne3 Bc8 17. Nh2 Nxd3 18. Qxd3 Nh5 19. Nf5 Bxf5 20. exf5 Qd7 21. Ng4 Nf6 22. Qf3 Nxg4 23. Qxg4 f6 24. h4 Qf7 25. Qe4 Kh7 26. f3 Rfc8 27. Bf2 Qd7 28. Red1 c5 29. dxc6 Rxc6 30. hxg5 hxg5 31. Bxb6 Rac8 32. a5 Rc4 33. Qd3 Bf8 34. g4 Qb5 35. Rd2 Rf4 36. Qxb5 axb5 37. Kg2 Rc6 38. Rd5 e4 39. fxe4 Rxg4+ 40. Kf3 Rf4+ 41. Ke3 Bh6 42. Rh1 Kg7 43. Rxb5 g4 44. Rxh6 Rf3+ 45. Ke2 Kxh6 46. a6 Kg5 47. a7 Rc8 48. Be3+ Rxe3+ 49. Kxe3 Ra8 50. Ra5 Kh4 51. Kf2 Kh3 52. Kg1 g3 53. c4 d5 54. exd5 Re8 55. Ra1 1-0

[Event "4NCL Online Division 3"]
[Site "online"]
[Date "2021.04.06"]
[EventDate "2021.04.06"]
[Round "6.152"]
[White "Adaway, William"]
[WhiteElo "1899"]
[WhiteTeam "Wessex Some Stars C"]
[Black "Parry, Samuel"]
[BlackElo "1863"]
[BlackTeam "Manchester Juniors A"]
[Result "1-0"]
[PlyCount "49"]

1. c4 Nf6 2. Nf3 g6 3. Nc3 Bg7 4. e4 d6 5. d4 O-O 6. h3 e5 7. d5 Nh5 8. g3 f5 9. exf5 gxf5 10. Nh4 Qe8 11. Be2 Nf6 12. Qc2 e4 13. Be3 Na6 14. a3 Nc5 15. Nb5 Qf7 16. O-O-O Bd7 17. Nd4 Nh5 18. Rdg1 f4 19. gxf4 Nxf4 20. Bg4 Ba4 21. b3 Ncd3+ 22. Kb1 Bxb3 23. Qxb3 Nc5 24. Qd1 Ng6 25. Nhf5 1-0

[Event "4NCL Online Division 3"]
[Site "online"]
[Date "2021.04.06"]
[EventDate "2021.04.06"]
[Round "6.153"]
[White "Gardiner, Ethan"]
[WhiteElo "1782"]
[WhiteTeam "Manchester Juniors A"]
[Black "Krawczuk, Michael J"]
[BlackElo "1877"]
[BlackTeam "Wessex Some Stars C"]
[Result "0-1"]
[PlyCount "66"]

1. e4 c5 2. Nc3 a6 3. a4 e6 4. g3 Nc6 5. Bg2 Be7 6. d3 Rb8 7. Be3 b5 8. axb5 axb5 9. Qd2 Nf6 10. h3 O-O 11. f4 b4 12. Nd1 Nd4 13. Ne2 Qb6 14. O-O Bb7 15. c3 Nb3 16. Qe1 Nxa1 17. cxb4 Nc2 18. bxc5 Bxc5 19. Bxc5 Qxc5+ 20. Qf2 Qxf2+ 21. Kxf2 Ba6 22. e5 Nd5 23. Be4 f5 24. exf6 Nxf6 25. Rg1 Rfc8 26. Nec3 d5 27. Bf3 Bxd3 28. g4 Ne4+ 29. Nxe4 Bxe4 30. Bxe4 dxe4 31. Ke2 Rb3 32. f5 Nd4+ 33. Ke1 Nf3+ 0-1

[Event "4NCL Online Division 3"]
[Site "online"]
[Date "2021.04.06"]
[EventDate "2021.04.06"]
[Round "6.154"]
[White "Clancy, Martin J"]
[WhiteElo "1860"]
[WhiteTeam "Wessex Some Stars C"]
[Black "Jackson, Edward"]
[BlackElo "1752"]
[BlackTeam "Manchester Juniors A"]
[Result "0-1"]
[PlyCount "90"]

1. e4 c6 2. d4 d5 3. Nc3 dxe4 4. Nxe4 Bf5 5. Ng3 Bg6 6. h4 h6 7. Nf3 Nd7 8. h5 Bh7 9. Bd3 Bxd3 10. Qxd3 e6 11. Bd2 Ngf6 12. c4 Qc7 13. O-O Bd6 14. Ne4 Nxe4 15. Qxe4 Nf6 16. Qh4 O-O-O 17. Rfe1 Rhg8 18. Ne5 Bxe5 19. Rxe5 g5 20. hxg6 Rxg6 21. Rae1 Ng4 22. R5e4 Rdg8 23. Bf4 Qa5 24. d5 Nf6 25. R4e3 Rxg2+ 26. Kh1 Ng4 27. Bg3 Nxe3 28. Rxe3 R2xg3 29. fxg3 Qd2 30. Rf3 cxd5 31. cxd5 Qxd5 32. Kg2 Rg5 33. Kf2 Rf5 34. Rxf5 Qxf5+ 35. Ke2 Qe5+ 36. Kd3 Qd5+ 37. Kc3 Qxa2 38. Qxh6 Qa5+ 39. Kc2 Qf5+ 40. Kc1 Kd7 41. Qg7 e5 42. g4 Qe6 43. Kc2 b6 44. Kd2 Ke7 45. Qxe5 Qxe5 0-1